<The> Corona Crisis, Data Protection and Tracking Apps in the EU: the Czech and Austrian COVID-19 Mobile Phone Apps in the Battle Against the Virus

Vypuknutie pandémie ochorenia COVID‑19 spôsobeného novým koronavírusom a vládne opatrenia na ochranu občanov. Aplikácie pre mobilné telefóny na sledovanie geografickej polohy pomocou geolokácie vyvinuté v Českej republike a Rakúsku na monitorovanie osobného pohybu osôb s pozitívnym testom na COVID-1...

ver descrição completa

Na minha lista:
Detalhes bibliográficos
Autor principal: Stehlíková, Jana
Formato: Capítulo de Livro
Idioma:inglês
Assuntos:
Tags: Adicionar Tag
Sem tags, seja o primeiro a adicionar uma tag!

MARC

LEADER 00000naa a2200000 4500
001 0278638
005 20220210200632.7
041 0 |a eng 
044 |a CZ 
245 1 0 |a <The> Corona Crisis, Data Protection and Tracking Apps in the EU: the Czech and Austrian COVID-19 Mobile Phone Apps in the Battle Against the Virus  |c Jana Stehlíková 
520 |a Vypuknutie pandémie ochorenia COVID‑19 spôsobeného novým koronavírusom a vládne opatrenia na ochranu občanov. Aplikácie pre mobilné telefóny na sledovanie geografickej polohy pomocou geolokácie vyvinuté v Českej republike a Rakúsku na monitorovanie osobného pohybu osôb s pozitívnym testom na COVID-19 pre zabránenie šíreniu choroby. Analýza funkcií aplikácií v kontexte súladu s normami Európskej únie na ochranu údajov (GDPR) a miery porušovania práv občanov na kontrolu zhromažďovania, vyhodnocovania a uchovávania ich osobných údajov. 
610 2 0 |a pandémia 
610 2 0 |a koronavírus 
610 2 0 |a aplikácie mobilné 
610 2 0 |a ochrana zdravia 
610 2 0 |a koronakríza 
610 2 0 |a informácie geografické 
610 2 0 |a ochrana údajov osobných 
610 2 0 |a práva ľudské 
610 2 0 |a Česko 
610 2 0 |a Rakúsko 
610 2 0 |a Európska únia 
100 1 |a Stehlíková, Jana